| 000 | 00482nam a2200169Ia 4500 | ||
|---|---|---|---|
| 003 | GCL | ||
| 008 | 140319s9999 xx 000 0 ara d | ||
| 040 |
_aGCL / _cGCL |
||
| 082 | 0 | 4 |
_a153.42 _bع ا |
| 100 | 1 | _aعبدالحى دياب | |
| 245 | 1 | 0 |
_aالاقطاع الفكرى اثارة / _cعبدالحى دياب |
| 260 |
_a[S.N] : _bدار الشعب للطباعة والنشر ، _c1963 |
||
| 300 | _a212 ص | ||
| 490 | _a | ||
| 650 | 0 | 4 | _aالثقافة |
| 942 |
_2ddc _cBK |
||
| 999 |
_c58410 _d58410 |
||